El chiringuito de Momo / (Registro nro. 12133)

Detalles MARC
000 -LIDER
fixed length control field 00763cam a2200301 i 4500
001 - NÚMERO DE CONTROL
Identificador de número de control 0000823
003 - IDENTIFICACDOR DE NÚMERO DE CONTROL
control field DO-SdBNP
005 - DATE AND TIME OF LATEST TRANSACTION
control field 20180212112508.0
007 - CAMPOS FIJOS DE DESCRIPCIÓN FÍSICA
fixed length control field 0000823
008 - ELEMENTOS DE LONGITUD FIJA
fixed length control field 100514s 1993 sp a | |||| 000 f spa
015 ## - NÚMERO DENTRO DE LA BIBLIOGRAFÍA NACIONAL
National bibliography number
017 ## - NÚMERO DE REGISTRO DE DERECHOS DE AUTOR
Copyright or legal deposit number
Assigning agency
020 ## - ISBN
International Standard Book Number 8434838729
035 ## - NÚMERO LOCAL
System control number
040 ## - FUENTE DE CATALOGACIÓN
Agencia que crea de manera original el registro BPMSU
Idioma de catalogación spa
Agencia que realiza la transcripción BPMSU
Convenciones de la despripción
080 ## - NÚMERO DE CLASIFICACIÓN DECIMAL UNIVERSAL
Universal Decimal Classification number
100 1# - ASIENTO PRINCIPAL -- NOMBRE PERSONAL
Nombre personal Nadja
240 1# - TITULO UNIFORME
Título uniforme Momo ouvre un magasin /
245 13 - MENCIÓN DE TITULO
Título El chiringuito de Momo /
Medio (Designación general de material)
Mención de responsabilidad Nadja ; traducción Cristina M. Aceña
260 ## - PUBLICACIÓN, DISTRIBUCIÓN, ETC. (PIE DE IMPRENTA)
Lugar de publicación, distribución, etc Madrid :
Nombre del editor, distribuidor, etc. Sm,
Fecha de publicación, distribución, etc 1993.
300 ## - DESCRIPCIÓN FÍSICA
Extensión 31 p.:
Otros detalles físicos il.
Dimensiones 19 cm.
490 1# - MENCIÓN DE SERIES
Mención de serie Los piratas
Volume/sequential designation 11
700 12 - ASIENTO SECUNDARIO -- NOMBRE PERSONAL
Nombre personal Aceña, Cristina M.
Mención de responsabilidad trad.
830 #0 - ASIENTO SECUNDARIO DE SERIE--TÍTULO UNIFORME
Título uniforme Los piratas
Número de la parte o sección de una obra 11
942 ## - ADDED ENTRY ELEMENTS (KOHA)
Source of classification or shelving scheme Dewey Decimal Classification
Koha item type Libros
945 ## - INFORMACIÓN DE PROCESAMIENTO LOCAL
Información de procesamiento local Inventariado, 2018/ YL
956 ## - LOCAL ELECTRONIC LOCATION AND ACCESS (OCLC)
Nombre de host YLOCKWARD
Información de compresión BPMSU
Número de acceso 10
Existencias
Withdrawn status Lost status Source of classification or shelving scheme Damaged status Not for loan Collection code Home library Current library Date acquired Source of acquisition Total Checkouts Barcode Date last seen Cost, replacement price Price effective from Koha item type
    Dewey Decimal Classification     Colección Infantil General Biblioteca Pública Metropolitana Salomé Ureña Biblioteca Pública Metropolitana Salomé Ureña 11/28/2016 Compra en Cuesta del libro   BPMSU16111596 11/28/2016 18.75 11/28/2016 Libros